| 000 | 00393pam a2200145 a 4500 | ||
|---|---|---|---|
| 020 |
_a0-8016-7729-7 _c |
||
| 041 | _h | ||
| 082 |
_a617.643 _bEPK |
||
| 100 |
_aEpker , _eB.N., |
||
| 245 |
_aDentofacial Deformities Integrated Othodontic and Surgical Correction Vol- I _hTextual Documents |
||
| 250 | _a2nd. | ||
| 260 |
_aMissouri: _bMosby., _c1995. |
||
| 300 |
_a568: _c28.5x22.5. |
||
| 930 | _a1622 | ||
| 999 |
_c41025 _d41025 |
||